• 首页
  • 本馆介绍
  • 公告通知
  • 最新文献
  • 馆藏检索
  • 电子资源
  • 读者导购
  • 参考咨询
  • 我的图书馆
  • 登录
  • 详细信息显示
  • 放入我的书架
  • 预约/预借图书
  • 作者相关作品
  • 分类相关作品
  • 丛书相关作品
  • 出版社相关作品

书目信息

  • 表格格式
  • 工作单格式
  • 卡片格式
题名:
老子道德经新解
    
 
作者: 王长科, 著
分册:  
出版信息: 石家庄   花山文艺出版社  2020.09
页数: 104页
开本: 21cm
丛书名:
单 册:
中图分类: B223.15
科图分类:
主题词: 道家--dao jia
电子资源:
ISBN: 978-7-5511-0144-8
000 01042nam0 2200253 450
001 CAL 010403639
005 20230217093112.0
010    @a978-7-5511-0144-8@dCNY25.00
100    @a20211011d2020 em y0chiy0120 ea
101 0  @achi
102    @aCN@b130000
105    @aa z 000yy
106    @ar
200 1  @a老子道德经新解@Alao zi dao de jing xin jie@f王长科著
210    @a石家庄@c花山文艺出版社@d2020.09
215    @a104页@c图@d21cm
314    @a王长科, 1964年生, 河北永年人。工学硕士, 中国兵器工业北方勘察设计研究院有限公司正高级工程师, 河北省工程勘察设计大师, 河北省地下空间工程岩土技术创新中心主任。
330    @a本书根据对老子道德经憨山注解版的学习心得, 结合自身对天地人生的感悟, 对憨山注解版老子道德经的原文进行了逐章解译, 并对八十一章原文拟出了章名, 以期与广大读者交流心得, 共同为传承中华优秀传统文化做出努力。
605    @a道德经@Adao de jing@x研究
606 0  @a道家@Adao jia
690    @aB223.15@v5
701  0 @a王长科,@Awang chang ke@f1964-@4著
801  0 @aCN@bBJXHZP@c20230228
905    @b1383280-3@dB223.15@e1055@f4
    
    老子道德经新解/王长科著.-石家庄:花山文艺出版社,2020.09
    104页:图;21cm
    
    
    ISBN 978-7-5511-0144-8:CNY25.00
    本书根据对老子道德经憨山注解版的学习心得, 结合自身对天地人生的感悟, 对憨山注解版老子道德经的原文进行了逐章解译, 并对八十一章原文拟出了章名, 以期与广大读者交流心得, 共同为传承中华优秀传统文化做出努力。
●
相关链接 在E读中查询图书 在五车中查询图书 在当当中查询图书 在豆瓣中查询图书


正题名:老子道德经新解     索取号:B223.15/1055         预约/预借

序号 登录号 条形码 馆藏地/架位号 状态 备注
1 1383280   213832806   第一样本阅览室/ [索取号:B223.15/1055] 在馆    
2 1383281   213832815   第一借阅区/ [索取号:B223.15/1055] 在馆    
3 1383282   213832824   第一借阅区/ [索取号:B223.15/1055] 在馆    
4 1383283   213832833   第一借阅区/ [索取号:B223.15/1055] 在馆    
唐山师范学院图书馆 欢迎您!
大连网信软件有限公司© 版权所有